Can the Bible be Trusted?: (Record no. 3623)

MARC details
000 -LEADER
fixed length control field 00526nam a2200169Ia 4500
003 - CONTROL NUMBER IDENTIFIER
control field GBCCL
005 - DATE AND TIME OF LATEST TRANSACTION
control field 20241126110459.0
008 - FIXED-LENGTH DATA ELEMENTS--GENERAL INFORMATION
fixed length control field 171130b xxu||||| |||| 00| 0 eng d
040 ## - CATALOGING SOURCE
Transcribing agency gbc
082 ## - DEWEY DECIMAL CLASSIFICATION NUMBER
Classification number 220.6
Item number SAA
100 ## - MAIN ENTRY--PERSONAL NAME
Personal name Saarnivaara, Uuras
9 (RLIN) 7201
245 ## - TITLE STATEMENT
Title Can the Bible be Trusted?:
Remainder of title Old and New Testament Introduction and Interpretation /
Statement of responsibility, etc. Uuras Saarnivaara
260 ## - PUBLICATION, DISTRIBUTION, ETC.
Name of publisher, distributor, etc. Osterhus Publishing House,
Place of publication, distribution, etc. Minneapolis:
Date of publication, distribution, etc. 1983
300 ## - PHYSICAL DESCRIPTION
Extent 808p.;
Dimensions 23 cm.
650 ## - SUBJECT ADDED ENTRY--TOPICAL TERM
Topical term or geographic name entry element Bible
Form subdivision Interpretations
9 (RLIN) 7202
942 ## - ADDED ENTRY ELEMENTS (KOHA)
Source of classification or shelving scheme Dewey Decimal Classification
Koha item type Books
Koha issues (borrowed), all copies 9
Holdings
Withdrawn status Lost status Source of classification or shelving scheme Damaged status Not for loan Home library Current Library Shelving location Date acquired Total checkouts Total renewals Full call number Barcode Date last seen Date last checked out Copy number Price effective from Koha item type
    Dewey Decimal Classification     GRACE BIBLE COLLEGE GRACE BIBLE COLLEGE Biblical Studies 2017-11-30 10 2 220.6 SAA 002321 2025-08-27 2025-08-20 c.1 2017-11-30 Books
© Grace Bible College Library 2025